The Economist guide to economic indicators : (Record no. 100920)
[ view plain ]
| 000 -LEADER | |
|---|---|
| fixed length control field | 00863cam a2200265 a 4500 |
| 008 - FIXED-LENGTH DATA ELEMENTS--GENERAL INFORMATION | |
| fixed length control field | |
| 020 ## - INTERNATIONAL STANDARD BOOK NUMBER | |
| International Standard Book Number | 1861971613 (hbk.) |
| 049 00 - LOCAL HOLDINGS (OCLC) | |
| Holding library | MAIN |
| 050 00 - LIBRARY OF CONGRESS CALL NUMBER | |
| Classification number | REF HB171 GUI |
| 003 - CONTROL NUMBER IDENTIFIER | |
| control field | |
| 005 - DATE AND TIME OF LATEST TRANSACTION | |
| control field | 20230120191426.0 |
| 040 ## - CATALOGING SOURCE | |
| Transcribing agency | NUST |
| 245 04 - TITLE STATEMENT | |
| Title | The Economist guide to economic indicators : |
| Remainder of title | making sense of economics. |
| 246 30 - VARYING FORM OF TITLE | |
| Title proper/short title | Guide to economic indicators. |
| 260 ## - PUBLICATION, DISTRIBUTION, ETC. | |
| Place of publication, distribution, etc. | New York : |
| Name of publisher, distributor, etc. | John Wiley, |
| Date of publication, distribution, etc. | c1997. |
| 300 ## - PHYSICAL DESCRIPTION | |
| Extent | viii, 216 p. : |
| Other physical details | ill. ; |
| Dimensions | 23 cm. |
| 500 ## - GENERAL NOTE | |
| General note | Includes index. |
| 500 ## - GENERAL NOTE | |
| General note | Originally published as: 3rd ed. London : Profile Books, 1997. |
| 650 #0 - SUBJECT ADDED ENTRY--TOPICAL TERM | |
| Topical term or geographic name entry element | Social sciences |
| General subdivision | Statistics |
| -- | Methodology. |
| 650 #0 - SUBJECT ADDED ENTRY--TOPICAL TERM | |
| Topical term or geographic name entry element | Economic indicators |
| General subdivision | Methodology. |
| 650 #0 - SUBJECT ADDED ENTRY--TOPICAL TERM | |
| Topical term or geographic name entry element | Economics |
| General subdivision | Methodology. |
| 730 0# - ADDED ENTRY--UNIFORM TITLE | |
| Uniform title | Economist (London, England) |
| 907 ## - LOCAL DATA ELEMENT G, LDG (RLIN) | |
| a | .b10227817 |
| b | 29-01-07 |
| c | 29-01-07 |
| 942 ## - ADDED ENTRY ELEMENTS (KOHA) | |
| Koha item type | Ordinary Loan Books |
| Date last seen | Total Checkouts | Full call number | Barcode | Cost, replacement price | Price effective from | Koha item type | Lost status | Source of classification or shelving scheme | Damaged status | Not for loan | Collection | Withdrawn status | Home library | Current library | Shelving location | Date acquired | Cost, normal purchase price |
|---|---|---|---|---|---|---|---|---|---|---|---|---|---|---|---|---|---|
| 01/20/2023 | REF HB171 GUI | 92003020993 | 80.00 | 01/20/2023 | BOOKS | LCC | NFIC | MAIN | MAIN | GEN | 01/20/2023 | 80.00 |